000
00163 a2200097 4500
041
_a
spa
100
_a
Anonimo
245
_a
La Comida
942
_c
BK
952
_7
1
999
_c
16817
_d
16817